A Flock of ? - Statistiken

Allgemein
  • Dieses Quiz wurde 103 mal gespielt
  • Das Durchschnittsergebnis liegt bei 24 aus 40
Antwortstatistiken
Frage Kachel Select % Korrekt
A murder of ..... Nein
88%
A murder of ..... Nein
87%
A loveliness of .... Nein
84%
A flamboyance of ... Nein
82%
A business of ... Nein
81%
A flamboyance of ... Nein
81%
A loveliness of .... Nein
79%
A cackle of ... Nein
78%
A parliament of .... Nein
78%
A parliament of .... Nein
75%
A shiver of ... Nein
74%
A conspiracy of ... Nein
74%
A romp of ... Nein
73%
A loveliness of .... Nein
69%
A cackle of ... Nein
69%
A romp of ... Nein
69%
A business of ... Nein
66%
An embarrassment of ... Nein
66%
A flamboyance of ... Nein
62%
A cackle of ... Nein
60%
An embarrassment of ... Nein
60%
A shiver of ... Nein
60%
A shiver of ... Nein
60%
An embarrassment of ... Nein
59%
A loveliness of .... Ja
58%
A romp of ... Nein
58%
A conspiracy of ... Nein
58%
A flamboyance of ... Ja
56%
A conspiracy of ... Nein
55%
A murder of ..... Nein
47%
A business of ... Nein
46%
A romp of ... Ja
42%
A murder of ..... Ja
38%
A parliament of .... Nein
37%
A cackle of ... Ja
34%
A shiver of ... Ja
34%
A parliament of .... Ja
30%
A conspiracy of ... Ja
26%
A business of ... Ja
24%
An embarrassment of ... Ja
20%
Keine übereinstimmenden Quizze gefunden
Verteilung der Resultate
Anzahl Personen mit jedem Resultat
Perzentil nach korrekt beantworteten Fragen
Ihre Resultats-Entwicklung
Sie haben dieses Quiz noch nicht gespielt